The Mighty Magyars - Hungarian Golden Team - Statistics

General Stats
  • This quiz has been taken 331 times
  • The average score is 5 of 11
Answer Stats
Picture Hint Answer % Correct
Left Forward Puskás
100%
Right Forward Kocsis
62%
Goalkeeper Grosics
59%
Center Forward Hidegkuti
59%
Left Winger Czibor
50%
Right Back Buzánszky
42%
Right Midfielder Bozsik
41%
Right Winger Budai II.
35%
Left Back Lantos
32%
Left Midfielder Zakariás
30%
Center Back Lóránt
27%
No matching quizzes found
Score Distribution
Percent of People with Each Score
Percentile by Number Answered
Your Score History
You have not taken this quiz